Animé - 100 personnages de One Piece - Statistiques

Statistiques générales
  • Ce quiz a été pris 2 064 fois
    1 943 depuis la dernière actualisation
  • Le résultat moyen est 58 sur 100
Statistiques - réponses
Numéro Réponse % Correct
1 Luffy
100%
2 Zoro
99%
4 Nami
98%
3 Sanji
98%
6 Chopper
96%
7 Robin
96%
8 Franky
94%
5 Usopp
94%
9 Brook
93%
16 Shanks
92%
17 Barbe Blanche
91%
19 Big Mom
91%
12 Ace
90%
20 Barbe Noire
89%
18 Kaido
88%
13 Sabo
88%
10 Jinbe
87%
33 Doflamingo
86%
14 Garp
86%
41 Law
85%
34 Crocodile
84%
23 Akainu
82%
21 Baggy
82%
11 Roger
81%
24 Aokiji
80%
15 Dragon
80%
37 Mihawk
80%
39 Kid
79%
35 Hancock
77%
25 Kizaru
77%
51 Katakuri
75%
36 Kuma
73%
93 Vivi
73%
38 Moria
72%
48 Marco
70%
22 Sengoku
70%
60 King
66%
61 Queen
65%
31 Rayleigh
65%
30 Kobby
64%
40 Killer
62%
26 Fujitora
61%
32 Oden
61%
72 Momonosuke
59%
29 Smoker
59%
47 Bonney
58%
97 Ener
58%
96 Lucci
58%
73 Kinemon
57%
44 Capone
56%
42 Hawkins
55%
46 Urouge
55%
71 Yamato
53%
43 Drake
51%
62 Jack
51%
45 Apoo
50%
85 Bonclay
49%
63 Cesar
49%
98 Ivankov
48%
52 Smoothie
48%
53 Cracker
47%
55 Pudding
47%
91 Rebecca
47%
99 Vegapunk
47%
28 Magellan
45%
58 Yasopp
43%
80 Bartolomeo
41%
78 Carrot
41%
68 Corazon
41%
49 Joz
41%
54 Perospero
41%
50 Vista
40%
79 Pedro
39%
57 Beckman
38%
74 Kanjuro
38%
92 Cobra
37%
86 Galdino
37%
84 Daz bones
35%
81 Cavendish
33%
76 Nekomamushi
33%
56 Brulée
32%
69 Burgess
32%
65 Pica
32%
77 Raizo
32%
70 Shiliew
31%
94 Shirahoshi
31%
75 Inuarashi
30%
27 Ryokugyu
30%
66 Trebol
29%
83 Bellamy
27%
64 Vergo
27%
67 Sugar
26%
90 Kyros
25%
59 Lucky Roux
25%
87 Hody Jones
23%
95 Orochi
23%
89 Fisher Tiger
21%
100 Sauro
14%
82 Hajrudin
11%
88 Vander Decken
10%
Aucun quiz correspondant
Distribution des résultats
% des personnes avec chaque résultat
Percentile par nombre de réponses
Votre historique - résultats
Vous n’avez pas pris ce quiz depuis la dernière actualisation